| 000 | 00813nam a2200193 a 4500 | ||
|---|---|---|---|
| 001 | 000022445 | ||
| 003 | DO-SdBNP | ||
| 005 | 20260506121419.0 | ||
| 008 | 101011s1976 dr abc 001 0 spa d | ||
| 040 |
_aDO-SdBNP _bspa _cBNPHU |
||
| 082 |
_a616.89 _bC749p _222 |
||
| 111 | 2 |
_aCongreso Dominicano de Psiquiatría _n(1o. : _d1976 : _cRepública Dominicana) _946267 |
|
| 245 | 1 | 0 |
_aPrimer Congreso Dominicano de Psiquiatría / _ceditado por Emilio Guillén Matarranz. |
| 260 |
_aSanto Domingo : _bSociedad Dominicana de Psiquiatría, Neurología y Neurocirugía, _c1976. _fEditora Taller |
||
| 300 |
_a626, lxviii páginas : _bilustraciones, mapas, retratos : _c21 cm. |
||
| 650 | 7 |
_aPsiquiatría _zRepública Dominicana _918234 _vCongresos |
|
| 700 | 1 |
_aGuillén Matarranz, Emilio _eeditor _946271 _4ed. |
|
| 942 |
_2ddc _cLBS1 |
||
| 999 |
_c21943 _d21943 |
||